Elementary communication games /

Salvato in:
Dettagli Bibliografici
Autore principale: Hadfield, Jill (Autore)
Natura: Libro
Lingua:inglese
Pubblicazione: London : Nelson, 1995
Edizione:1.vyd.
Soggetti:
Tags: Aggiungi Tag
Nessun Tag, puoi essere il primo ad aggiungerne!!

MARC

LEADER 00000nam a22000003a 4500
001 stu8233
005 20150617225806.0
008 951108s1995----uk------------------eng-d
020 |a 0-17-555695-4 
040 |a STU  |b slo 
041 0 |a eng 
044 |a uk 
080 |a 802.0 
100 1 |a Hadfield, Jill  |4 aut 
245 1 |a Elementary communication games /  |c [aut.] Hadfield,Jill 
250 |a 1.vyd. 
260 |a London :  |b Nelson,  |c 1995 
300 |a Nestr 
650 7 |a angličtina  |2 stusub 
996 |b E80210  |c E*80210  |l EE18  |s P  |a 0  |w stu8233_0001